[Event "136th YMCA Winter C"]
[Site "Warszawa"]
[Date "2014.03.04"]
[Round "10"]
[White "Sylwestrzuk, Mariusz"]
[Black "Zbrzeski, Piotr"]
[Result "1/2-1/2"]
[WhiteElo "1709"]
[BlackElo "1782"]
[Annotator "Admin"]
[PlyCount "51"]
[EventDate "2014.01.06"]
[EventType "tourn"]
[EventRounds "1"]
[EventCountry "POL"]
[SourceDate "2014.01.06"]

1. e4 Nf6 2. e5 Nd5 3. Nc3 Nxc3 4. dxc3 d6 5. Nf3 Nc6 6. Bf4 Bg4 7. exd6 exd6
8. Be2 Be7 9. O-O O-O 10. Re1 Bf6 11. Nd4 Bxe2 12. Rxe2 Ne5 13. Qd2 Re8 14.
Rae1 Qd7 15. Bxe5 Bxe5 16. Nf3 Bf6 17. Qd5 Rxe2 18. Rxe2 c6 19. Qd3 d5 20. h3
Re8 21. Qf5 Qd8 22. Qd3 Rxe2 23. Qxe2 Kf8 24. Nd4 Qe7 25. Kf1 g6 26. Qg4 $11
1/2-1/2

[Event "136th YMCA Winter C"]
[Site "Warszawa"]
[Date "2014.03.11"]
[Round "10"]
[White "Chylewski, Patryk"]
[Black "Lewandrowski, Tomasz"]
[Result "0-1"]
[WhiteElo "1749"]
[BlackElo "1817"]
[PlyCount "66"]
[EventDate "2014.01.06"]
[EventType "tourn"]
[EventRounds "1"]
[EventCountry "POL"]
[SourceDate "2014.01.06"]

1. d4 Nf6 2. c4 g6 3. Nc3 Bg7 4. e4 d6 5. Nf3 O-O 6. Be2 Na6 7. O-O e5 8. d5
Nc5 9. Qc2 a5 10. Be3 b6 11. Nd2 Ng4 12. Bxg4 Bxg4 13. a3 f5 14. f3 Bh5 15. b4
Nd7 16. Nb3 f4 17. Bf2 g5 18. c5 bxc5 19. bxc5 g4 20. fxg4 Bxg4 21. cxd6 cxd6
22. Nb5 Nf6 23. Rfe1 f3 24. g3 Qe8 25. Nxd6 Qh5 26. h4 Bd7 27. Qd3 Qg4 28. Qf1
Nh5 29. Kh2 Ra6 30. Nc4 Nxg3 31. Bxg3 Rg6 32. Bf2 Rf4 33. Nc5 Qxh4+ 0-1

[Event "136th YMCA Winter C"]
[Site "Warszawa"]
[Date "2014.03.17"]
[Round "10"]
[White "Staniak, Mariusz"]
[Black "Milczarek, Robert"]
[Result "0-1"]
[WhiteElo "1804"]
[BlackElo "1830"]
[PlyCount "62"]
[EventDate "2014.01.06"]
[EventType "tourn"]
[EventRounds "1"]
[EventCountry "POL"]
[SourceDate "2014.01.06"]

1. c4 e5 2. Nc3 Nf6 3. Nf3 Nc6 4. g3 Bb4 5. Bg2 O-O 6. O-O Bxc3 7. bxc3 Re8 8.
d3 e4 9. Nd4 h6 10. Qc2 d5 11. cxd5 Nxd4 12. cxd4 Qxd5 13. dxe4 Nxe4 14. Qxc7
Qxd4 15. Be3 Qb2 16. Qf4 Nc3 17. Qh4 Nxe2+ 18. Kh1 Bf5 19. Rad1 Qa3 20. Bxb7
Rab8 21. Bf3 Nc3 22. Rd4 Qxa2 23. Kg2 Rxe3 24. Qf4 Rxf3 25. Qxb8+ Kh7 26. Rd8
Be4 27. Rh8+ Kg6 28. Kh3 Qe6+ 29. Kh4 Qf6+ 30. Kh3 Qf5+ 31. Kg2 Rxf2+ 0-1

[Event "136th YMCA Winter C"]
[Site "Warszawa"]
[Date "2014.03.11"]
[Round "10"]
[White "Kacprzak, Karol"]
[Black "Krzyzanowski, Antoni"]
[Result "1/2-1/2"]
[WhiteElo "1779"]
[BlackElo "1731"]
[PlyCount "94"]
[EventDate "2014.01.06"]
[EventType "tourn"]
[EventRounds "1"]
[EventCountry "POL"]
[SourceDate "2014.01.06"]

1. c4 e6 2. Nc3 f5 3. g3 Nf6 4. Bg2 Be7 5. Nf3 O-O 6. O-O d6 7. d3 Nc6 8. a3 a5
9. Rb1 d5 10. cxd5 exd5 11. Qb3 Kh8 12. Bg5 d4 13. Nb5 h6 14. Bf4 Ne8 15. Qc4
Bf6 16. Qc5 Be7 17. Qc1 Bf6 18. h4 Kh7 19. a4 Be6 20. Bh3 Rg8 21. e4 g5 22.
hxg5 hxg5 23. exf5 Bd5 24. Nxg5+ Bxg5 25. Bxg5 Qxg5 26. Qc5 Rd8 27. Nxd4 Nxd4
28. Qxd4 Bg2 29. Qxd8 Qxd8 30. Bxg2 Nd6 31. Rbc1 Nxf5 32. Be4 Rg5 33. Rc5 Qf8
34. Rxf5 Rxf5 35. g4 Kh6 36. Bxf5 Qb4 37. f4 Qxb2 38. Rf2 Qa1+ 39. Kg2 Qxa4 40.
g5+ Kg7 41. Be4 b5 42. f5 Qd1 43. f6+ Kf8 44. g6 Qg4+ 45. Kf1 Qd1+ 46. Kg2 Qg4+
47. Kf1 Qd1+ 1/2-1/2

[Event "136th YMCA Winter C"]
[Site "Warszawa"]
[Date "2014.03.18"]
[Round "11"]
[White "Krzyzanowski, Antoni"]
[Black "Kaniewska, Emilia"]
[Result "0-1"]
[WhiteElo "1731"]
[BlackElo "1713"]
[PlyCount "62"]
[EventDate "2014.01.06"]
[EventType "tourn"]
[EventRounds "1"]
[EventCountry "POL"]
[SourceDate "2014.01.06"]

1. d4 Nf6 2. c4 g6 3. Nc3 Bg7 4. e4 d6 5. f4 O-O 6. Nf3 Nbd7 7. e5 Ne8 8. Be2
c5 9. Be3 cxd4 10. Bxd4 dxe5 11. fxe5 Nc7 12. O-O f5 13. Qb3 e6 14. Rad1 g5 15.
g3 g4 16. Nh4 Qg5 17. Nd5 exd5 18. cxd5 Nxe5 19. Bxe5 Bxe5 20. d6+ Kh8 21. d7
f4 22. Bc4 b5 23. Bd5 Nxd5 24. Qxd5 Ba6 25. gxf4 Bxf4 26. Qc6 g3 27. Ng2 Qh5
28. hxg3 Bxg3 29. Qc3+ Be5 30. Nf4 Qg4+ 31. Kh2 Bxc3 0-1

[Event "136th YMCA Winter C"]
[Site "Warszawa"]
[Date "2014.02.13"]
[Round "11"]
[White "Milczarek, Robert"]
[Black "Kacprzak, Karol"]
[Result "0-1"]
[WhiteElo "1830"]
[BlackElo "1779"]
[PlyCount "68"]
[EventDate "2014.01.06"]
[EventType "tourn"]
[EventRounds "1"]
[EventCountry "POL"]
[SourceDate "2014.01.06"]

1. e4 c6 2. d4 d5 3. exd5 cxd5 4. c4 Nf6 5. Nc3 e6 6. Nf3 Be7 7. Bd3 dxc4 8.
Bxc4 O-O 9. O-O Nc6 10. a3 a6 11. Re1 b5 12. Bd3 b4 13. Ne2 Bb7 14. Be3 Rc8 15.
Bb1 bxa3 16. bxa3 Na5 17. Ne5 Nc4 18. Nxc4 Rxc4 19. Ba2 Rc8 20. Ng3 Nd5 21. Bd2
Bf6 22. Qg4 Kh8 23. Rab1 Ba8 24. Bb3 Nc3 25. Bxc3 Rxc3 26. Red1 Qa5 27. Ne2
Rcc8 28. a4 Rfd8 29. Rbc1 Qb4 30. Bc2 Qb2 31. Rd2 h6 32. h4 Qb4 33. Rd3 Rxc2
34. Rxc2 Qb1+ 0-1

[Event "136th YMCA Winter C"]
[Site "Warszawa"]
[Date "2014.03.19"]
[Round "11"]
[White "Lewandrowski, Tomasz"]
[Black "Staniak, Mariusz"]
[Result "1-0"]
[WhiteElo "1817"]
[BlackElo "1804"]
[PlyCount "101"]
[EventDate "2014.01.06"]
[EventType "tourn"]
[EventRounds "1"]
[EventCountry "POL"]
[SourceDate "2014.01.06"]

1. e4 e5 2. Nf3 Nf6 3. Nxe5 d6 4. Nf3 Nxe4 5. Nc3 Nxc3 6. dxc3 Be7 7. Be3 O-O
8. Qd2 Nd7 9. O-O-O Ne5 10. Bd4 Bg4 11. Be2 Bf6 12. h4 Nxf3 13. gxf3 Bh5 14.
Rdg1 Kh8 15. Be3 c6 16. a3 b5 17. f4 Bxe2 18. Qxe2 a5 19. c4 bxc4 20. Qxc4 Rb8
21. b3 d5 22. Qa4 c5 23. Bxc5 Re8 24. Re1 Re6 25. Rxe6 fxe6 26. Bd4 Rc8 27. Rh3
Qc7 28. Rc3 Qxf4+ 29. Be3 Qb8 30. Rxc8+ Qxc8 31. h5 Bc3 32. Qf4 h6 33. Qd6 Bf6
34. Bc5 Kh7 35. b4 axb4 36. axb4 Qa8 37. Qg3 Qa1+ 38. Kd2 Qa8 39. Qd3+ Kg8 40.
f4 Qe8 41. Qe2 Qd7 42. b5 Qc8 43. Qe3 e5 44. Bd6 d4 45. Qb3+ Kh8 46. Bxe5 Qf5
47. b6 Bxe5 48. fxe5 Qxe5 49. b7 Qb8 50. Qf3 Kh7 51. Qf5+ 1-0

[Event "136th YMCA Winter C"]
[Site "Warszawa"]
[Date "2014.04.18"]
[Round "11"]
[White "Zbrzeski, Piotr"]
[Black "Chylewski, Patryk"]
[Result "1-0"]
[WhiteElo "1782"]
[BlackElo "1749"]
[PlyCount "51"]
[EventDate "2014.01.06"]
[EventType "tourn"]
[EventRounds "1"]
[EventCountry "POL"]
[SourceDate "2014.01.06"]

1. d4 Nf6 2. c4 e6 3. Nf3 b6 4. g3 Bb7 5. Bg2 Be7 6. O-O O-O 7. Nc3 Ne4 8. Qc2
Nxc3 9. bxc3 f5 10. h4 h6 11. Ne5 Bxg2 12. Kxg2 Qe8 13. Qb3 d6 14. Nf3 c5 15.
Bf4 Nd7 16. Rfe1 Qh5 17. a4 g5 18. hxg5 hxg5 19. Rh1 Qg4 20. Nxg5 Bxg5 21. f3
Bxf4 22. fxg4 Be3 23. Raf1 fxg4 24. Qc2 Rxf1 25. Qg6+ Kf8 26. Rxf1+ 1-0

[Event "136th YMCA Winter C"]
[Site "Warszawa"]
[Date "2014.03.21"]
[Round "11"]
[White "Major, Boguslaw"]
[Black "Sylwestrzuk, Mariusz"]
[Result "1/2-1/2"]
[WhiteElo "1800"]
[BlackElo "1709"]
[PlyCount "130"]
[EventDate "2014.03.21"]
[EventType "tourn"]
[EventRounds "1"]
[EventCountry "POL"]
[SourceDate "2014.01.06"]

1. d4 d5 2. c4 c6 3. Nf3 Nf6 4. Nc3 e6 5. Bg5 h6 6. Bh4 g5 7. Bg3 Bd6 8. e3 Nh5
9. Bxd6 Qxd6 10. c5 Qe7 11. b4 Nd7 12. b5 g4 13. bxc6 bxc6 14. Nd2 Ndf6 15. Be2
e5 16. Qa4 Bd7 17. Rb1 O-O 18. O-O e4 19. Rb7 Qe6 20. Rxa7 Rab8 21. Rb1 Ng7 22.
Rxb8 Rxb8 23. Ra8 Qe8 24. Rxb8 Qxb8 25. Qb3 Qa7 26. a4 Qa5 27. Qb2 Ne6 28. Nb3
Qa8 29. a5 Bc8 30. Na4 Ba6 31. Nb6 Qb7 32. Nc1 Nc7 33. Na4 Qxb2 34. Nxb2 Bxe2
35. Nxe2 Nd7 36. Nc3 Na6 37. Nba4 Nb4 38. Nb6 Nb8 39. Kf1 Kf8 40. Ke2 Ke7 41.
f3 gxf3+ 42. gxf3 f5 43. Nc8+ Ke6 44. Nd6 Nd3 45. Na2 Na6 46. Nc8 h5 47. f4 Nb2
48. Nc1 Nb4 49. Nb3 Kd7 50. Nd6 Ke6 51. Ne8 h4 52. Nc7+ Kd7 53. Na8 Kc8 54.
Nb6+ Kc7 55. Kd2 N2d3 56. Nc1 Nf2 57. Ke2 Ng4 58. h3 Nh2 59. Kf2 Nf3 60. Na4
Nd2 61. Nb6 Nf3 62. Nb3 Nd3+ 63. Kf1 Nb4 64. Na4 Kb7 65. Nb6 Kc7 1/2-1/2

[Event "136th YMCA Winter C"]
[Site "Warszawa"]
[Date "2014.03.20"]
[Round "11"]
[White "Szukalski, Antoni"]
[Black "Tegi, Robert"]
[Result "0-1"]
[WhiteElo "1786"]
[BlackElo "1733"]
[PlyCount "140"]
[EventDate "2014.01.06"]
[EventType "tourn"]
[EventRounds "1"]
[EventCountry "POL"]
[SourceDate "2014.01.06"]

1. e4 c6 2. d4 d5 3. Nc3 dxe4 4. Nxe4 Bf5 5. Ng3 Bg6 6. Nf3 Nd7 7. Bd3 Bxd3 8.
Qxd3 Ngf6 9. O-O e6 10. Qb3 Qb6 11. Re1 Be7 12. Qd3 O-O 13. c3 Rfe8 14. Be3 Qc7
15. Rad1 Rad8 16. Qc2 c5 17. Ne4 Nxe4 18. Qxe4 Nf6 19. Qb1 a6 20. h3 h6 21. Qc1
cxd4 22. Bxd4 b5 23. Bxf6 Bxf6 24. Rxd8 Rxd8 25. Rd1 Rxd1+ 26. Qxd1 Qf4 27. a3
g6 28. Kf1 Kg7 29. Qd2 Qe4 30. Ne1 Qc4+ 31. Qe2 Qc7 32. Nf3 Qd6 33. Qd2 Qc5 34.
Qd3 a5 35. Nd2 Qd5 36. Qxd5 exd5 37. Ke2 b4 38. axb4 axb4 39. Kd3 bxc3 40. bxc3
Bd8 41. Nf3 Bb6 42. Nd4 Kf6 43. f4 g5 44. Ke3 Kg6 45. g3 f5 46. Kf3 Kf6 47. Ne2
Ba5 48. g4 Bb6 49. Ng3 fxg4+ 50. hxg4 gxf4 51. Nh5+ Ke5 52. Nxf4 Ba5 53. Ne2
Bb6 54. Nf4 Ba5 55. Nd3+ Kd6 56. Nf4 Bxc3 57. Nxd5 Kxd5 58. Kg3 Bf6 59. Kh3 Ke4
60. Kg3 Ke3 61. Kh3 Ke2 62. Kg3 Ke1 63. Kg2 Bd4 64. Kh3 Kf1 65. Kh2 Be3 66. Kh3
Kg1 67. Kg3 Bg5 68. Kh3 Bf4 69. Kh4 Kg2 70. Kh5 Kg3 0-1

[Event "136th YMCA Winter C"]
[Site "Warszawa"]
[Date "2014.03.18"]
[Round "11"]
[White "Judek, Magdalena"]
[Black "Pajak, Jakub"]
[Result "1-0"]
[WhiteElo "1794"]
[BlackElo "1718"]
[PlyCount "65"]
[EventDate "2014.01.06"]
[EventType "tourn"]
[EventRounds "1"]
[EventCountry "POL"]
[SourceDate "2014.01.06"]

1. d4 c6 2. c4 d5 3. e3 e6 4. Nf3 f5 5. Nbd2 Nf6 6. Be2 Bd6 7. O-O O-O 8. c5
Bc7 9. b4 Bd7 10. a4 a6 11. Ba3 b5 12. cxb6 Bxb6 13. Qc2 Ne4 14. Rfc1 Rf6 15.
Ne5 Nxd2 16. Qxd2 Bc7 17. Qb2 Bxe5 18. dxe5 Rh6 19. Qd4 Be8 20. Rc3 Nd7 21.
Rxc6 Nxe5 22. Rc3 Qb8 23. h3 Bxa4 24. Bb2 Rg6 25. Rxa4 Qe8 26. Ra1 Nc6 27. Qb6
e5 28. Bh5 Rxg2+ 29. Kxg2 Qxh5 30. Qxc6 Rf8 31. Qxd5+ Kh8 32. Qxe5 Qg6+ 33. Qg3
1-0

[Event "136th YMCA Winter C"]
[Site "Warszawa"]
[Date "2014.03.21"]
[Round "12"]
[White "Kaniewska, Emilia"]
[Black "Pajak, Jakub"]
[Result "1/2-1/2"]
[WhiteElo "1713"]
[BlackElo "1718"]
[PlyCount "75"]
[EventDate "2014.01.06"]
[EventType "tourn"]
[EventRounds "1"]
[EventCountry "POL"]
[SourceDate "2014.01.06"]

1. Nf3 c5 2. c4 e6 3. Nc3 Nc6 4. g3 d5 5. cxd5 exd5 6. d4 Nf6 7. Bg2 Be6 8. O-O
b6 9. Bg5 Be7 10. Rc1 O-O 11. Na4 Ne4 12. Bxe7 Qxe7 13. dxc5 bxc5 14. Nd2 Rfd8
15. Nxe4 dxe4 16. Qc2 Bxa2 17. Qxc5 Qxc5 18. Rxc5 Nd4 19. Nc3 Be6 20. Bxe4 Rab8
21. e3 Nb3 22. Rc7 Nd2 23. Rd1 a5 24. Ra7 Rxb2 25. Nb1 f5 26. Rxd2 Rxb1+ 27.
Bxb1 Rxd2 28. Kg2 Bd5+ 29. Kh3 Rxf2 30. Rxa5 Be6 31. Kh4 Rxh2+ 32. Kg5 h6+ 33.
Kf4 g6 34. Ke5 Bf7 35. Kf6 Rb2 36. Ra8+ Kh7 37. Ra7 Kg8 38. Ra8+ 1/2-1/2

[Event "136th YMCA Winter C"]
[Site "Warszawa"]
[Date "2014.03.21"]
[Round "12"]
[White "Tegi, Robert"]
[Black "Judek, Magdalena"]
[Result "1-0"]
[WhiteElo "1733"]
[BlackElo "1794"]
[PlyCount "53"]
[EventDate "2014.01.06"]
[EventType "tourn"]
[EventRounds "1"]
[EventCountry "POL"]
[SourceDate "2014.01.06"]

1. d4 d5 2. c4 c6 3. Nf3 Nf6 4. Nc3 dxc4 5. e4 b5 6. e5 Nd5 7. a4 a6 8. axb5
Nxc3 9. bxc3 cxb5 10. Ng5 Qd5 11. Be2 Ra7 12. Bf3 Qd8 13. e6 Bxe6 14. Nxe6 fxe6
15. Bf4 Nd7 16. Bc6 Qb6 17. d5 Kd8 18. Be3 Nc5 19. dxe6+ Kc8 20. Bd7+ Kb8 21.
Bf4+ Ka8 22. Qd5+ Rb7 23. O-O Nd3 24. Bg3 g6 25. Bc6 Ka7 26. Bxb7 Qxb7 27. Qd4+
1-0

[Event "136th YMCA Winter C"]
[Site "Warszawa"]
[Date "2014.02.06"]
[Round "12"]
[White "Sylwestrzuk, Mariusz"]
[Black "Szukalski, Antoni"]
[Result "0-1"]
[WhiteElo "1709"]
[BlackElo "1786"]
[PlyCount "118"]
[EventDate "2014.01.06"]
[EventType "tourn"]
[EventRounds "1"]
[EventCountry "POL"]
[SourceDate "2014.01.06"]

1. d4 Nf6 2. c4 e6 3. g3 d5 4. Bg2 c6 5. Nf3 Bb4+ 6. Bd2 Bxd2+ 7. Nbxd2 Nbd7 8.
O-O O-O 9. Qc2 Re8 10. b4 dxc4 11. Nxc4 Nb6 12. Nce5 Qd6 13. a3 Bd7 14. Ng5 Re7
15. Rfd1 h6 16. Ne4 Nxe4 17. Bxe4 Be8 18. g4 Nd7 19. Qc3 f6 20. Ng6 Rf7 21. Bc2
f5 22. gxf5 exf5 23. Ne5 Rf6 24. Rd3 Kh7 25. Rg3 Nf8 26. Ng4 Rf7 27. e4 fxe4
28. Bxe4+ Kh8 29. Re1 Bd7 30. Ne5 Rf6 31. Ree3 Re8 32. Ref3 Rxf3 33. Qxf3 Be6
34. Nf7+ Bxf7 35. Qxf7 Qe7 36. Qxe7 Rxe7 37. Re3 g5 38. d5 cxd5 39. Bxd5 Rxe3
40. fxe3 b6 41. e4 Kg7 42. Kf2 Kf6 43. Kf3 Ng6 44. h3 Nf4 45. Bb7 Nxh3 46. a4
Nf4 47. a5 Ke5 48. axb6 axb6 49. Bc8 Nd3 50. b5 Nc5 51. Bf5 Ne6 52. Kg4 Nd4 53.
Bg6 Nxb5 54. Kh5 Nc3 55. Kxh6 g4 56. Bh5 g3 57. Bf3 b5 58. Kg5 b4 59. Kg4 b3
0-1

[Event "136th YMCA Winter C"]
[Site "Warszawa"]
[Date "2014.01.17"]
[Round "12"]
[White "Chylewski, Patryk"]
[Black "Major, Boguslaw"]
[Result "1-0"]
[WhiteElo "1749"]
[BlackElo "1800"]
[PlyCount "83"]
[EventDate "2014.01.06"]
[EventType "tourn"]
[EventRounds "1"]
[EventCountry "POL"]
[SourceDate "2014.01.06"]

1. d4 d5 2. c4 dxc4 3. e4 Nc6 4. Be3 Nf6 5. f3 e5 6. d5 Bb4+ 7. Nc3 Bxc3+ 8.
bxc3 Na5 9. Qa4+ c6 10. Bc5 b5 11. Qb4 cxd5 12. Rd1 a6 13. Bd6 Bb7 14. Qa3 Nd7
15. exd5 Bc8 16. g3 Nb7 17. Bh3 Qf6 18. Bc7 Ndc5 19. Bxc8 Rxc8 20. d6 O-O 21.
Kf2 e4 22. Kg2 h5 23. f4 g5 24. Ne2 Nd3 25. Rhf1 Nbc5 26. Qa5 e3 27. fxg5 Qxg5
28. Qb6 Qd5+ 29. Kg1 h4 30. Nf4 Qg5 31. Kg2 hxg3 32. hxg3 Qg4 33. Nxd3 Nxd3 34.
Qxe3 Rce8 35. Qf3 Re2+ 36. Kg1 Qxf3 37. Rxf3 Ne5 38. Rf5 Nd7 39. Rg5+ Kh7 40.
Kf1 Re3 41. Kf2 Rfe8 42. Rh1# 1-0

[Event "136th YMCA Winter C"]
[Site "Warszawa"]
[Date "2014.03.20"]
[Round "12"]
[White "Staniak, Mariusz"]
[Black "Zbrzeski, Piotr"]
[Result "1-0"]
[WhiteElo "1804"]
[BlackElo "1782"]
[PlyCount "119"]
[EventDate "2014.01.06"]
[EventType "tourn"]
[EventRounds "1"]
[EventCountry "POL"]
[SourceDate "2014.01.06"]

1. c4 c6 2. d4 d5 3. Nf3 Nf6 4. Nc3 e6 5. e3 Be7 6. Bd3 dxc4 7. Bxc4 b5 8. Bd3
Bb7 9. O-O a6 10. e4 c5 11. e5 Nd5 12. Nxd5 Bxd5 13. dxc5 Bxc5 14. Bf4 Be7 15.
Qe2 O-O 16. Rad1 Nd7 17. Rfe1 Bb4 18. Bxh7+ Kxh7 19. Ng5+ Qxg5 20. Bxg5 Bxe1
21. Qh5+ Kg8 22. Rxe1 f6 23. exf6 Nxf6 24. Bxf6 Rxf6 25. b3 Raf8 26. f3 Rc8 27.
Qg5 Rc2 28. Rc1 Rxc1+ 29. Qxc1 Rf8 30. Qc7 Kh7 31. Qd6 Ra8 32. Qb6 Kh6 33. Kf2
Kh7 34. Kg3 Kh6 35. Kg4 Kh7 36. Kg5 Rc8 37. Qe3 Rf8 38. h4 Kh8 39. h5 Rf5+ 40.
Kg4 Kh7 41. Kh4 Rf8 42. Qd2 Rf5 43. f4 Kg8 44. g4 Rf8 45. Kg5 Ra8 46. Qd4 Rf8
47. Qe5 Rf6 48. Qd6 a5 49. Qd8+ Kh7 50. Qxa5 Bc6 51. Qc3 Be4 52. a4 bxa4 53.
bxa4 Rf7 54. a5 Ra7 55. Qc5 Rd7 56. Qb6 Bd5 57. a6 Rf7 58. Qb8 Rd7 59. a7 Rb7
60. a8=Q 1-0

[Event "136th YMCA Winter C"]
[Site "Warszawa"]
[Date "2014.03.18"]
[Round "12"]
[White "Kacprzak, Karol"]
[Black "Lewandrowski, Tomasz"]
[Result "0-1"]
[WhiteElo "1779"]
[BlackElo "1817"]
[PlyCount "83"]
[EventDate "2014.01.06"]
[EventType "tourn"]
[EventRounds "1"]
[EventCountry "POL"]
[SourceDate "2014.01.06"]

1. c4 g6 2. Nc3 Bg7 3. g3 Nf6 4. Bg2 O-O 5. Nf3 d6 6. O-O c6 7. d4 Qa5 8. a3
Bg4 9. d5 cxd5 10. cxd5 Rc8 11. Be3 Nbd7 12. Bd4 Qd8 13. h3 Bxf3 14. Bxf3 Nb6
15. e4 Rc4 16. e5 Nfd7 17. Be2 Rxd4 18. Qxd4 dxe5 19. Qb4 Nf6 20. Rfd1 h5 21.
d6 exd6 22. Qxd6 Qc8 23. Bf1 Qf5 24. Qd3 e4 25. Qb5 Qe6 26. Qe2 Re8 27. Rd4 Bf8
28. b4 h4 29. Rad1 hxg3 30. fxg3 Qe5 31. Bg2 Qxg3 32. Nxe4 Nxe4 33. Rxe4 Rxe4
34. Qxe4 Qxa3 35. Rd8 Qa1+ 36. Kh2 Qf6 37. Qd4 Qe7 38. b5 Kh7 39. Be4 Bg7 40.
Qd3 Bf6 41. Kg1 Qxd8 42. Qxd8 0-1

[Event "136th YMCA Winter C"]
[Site "Warszawa"]
[Date "2014.03.19"]
[Round "12"]
[White "Krzyzanowski, Antoni"]
[Black "Milczarek, Robert"]
[Result "1-0"]
[WhiteElo "1731"]
[BlackElo "1830"]
[PlyCount "61"]
[EventDate "2014.01.06"]
[EventType "tourn"]
[EventRounds "1"]
[EventCountry "POL"]
[SourceDate "2014.01.06"]

1. g3 Nf6 2. Bg2 g6 3. e4 d6 4. f4 c5 5. Nc3 Nc6 6. Nf3 Bg7 7. O-O O-O 8. d3
Rb8 9. a4 a6 10. h3 e6 11. g4 h5 12. g5 Nh7 13. Nh4 Nd4 14. Kh1 b5 15. axb5
axb5 16. Be3 b4 17. Na4 Bd7 18. c3 bxc3 19. bxc3 Nb5 20. f5 exf5 21. exf5 Nxg5
22. fxg6 fxg6 23. Rxf8+ Bxf8 24. Nxg6 Nc7 25. Qxh5 Nh7 26. Nxf8 Qxf8 27. Rf1
Qe8 28. Qh6 Bxa4 29. Be4 Qd7 30. Rg1+ Kh8 31. Bxh7 1-0

[Event "136th YMCA Winter C"]
[Site "Warszawa"]
[Date "2014.03.19"]
[Round "13"]
[White "Milczarek, Robert"]
[Black "Kaniewska, Emilia"]
[Result "1/2-1/2"]
[WhiteElo "1830"]
[BlackElo "1713"]
[Annotator "Admin"]
[PlyCount "20"]
[EventDate "2014.01.06"]
[EventType "tourn"]
[EventRounds "1"]
[EventCountry "POL"]
[SourceDate "2014.01.06"]

1. e4 c5 2. c3 d5 3. exd5 Qxd5 4. d4 e6 5. Nf3 Nc6 6. Bd3 Nf6 7. O-O Be7 8. Be3
c4 9. Bc2 O-O 10. Nbd2 b5 $11 1/2-1/2

[Event "136th YMCA Winter C"]
[Site "Warszawa"]
[Date "2014.03.25"]
[Round "13"]
[White "Zbrzeski, Piotr"]
[Black "Kacprzak, Karol"]
[Result "1/2-1/2"]
[WhiteElo "1782"]
[BlackElo "1779"]
[Annotator "Admin"]
[PlyCount "20"]
[EventDate "2014.01.06"]
[EventRounds "1"]
[EventCountry "POL"]
[SourceDate "2014.01.06"]

1. d4 d5 2. c4 e6 3. Nc3 Nf6 4. Nf3 c6 5. cxd5 exd5 6. Bg5 h6 7. Bh4 Bd6 8. e3
Nbd7 9. Bd3 O-O 10. Bg3 Qe7 $11 1/2-1/2

[Event "136th YMCA Winter C"]
[Site "Warszawa"]
[Date "2014.03.25"]
[Round "13"]
[White "Szukalski, Antoni"]
[Black "Chylewski, Patryk"]
[Result "1/2-1/2"]
[WhiteElo "1786"]
[BlackElo "1749"]
[PlyCount "63"]
[EventDate "2014.01.06"]
[EventRounds "1"]
[EventCountry "POL"]
[SourceDate "2014.01.06"]

1. e4 c5 2. Nf3 d6 3. d4 cxd4 4. Nxd4 Nf6 5. Nc3 a6 6. h3 e6 7. Be3 b5 8. a3
Bb7 9. Bd3 Nbd7 10. O-O Be7 11. Qe2 O-O 12. Rfe1 Rc8 13. Rac1 Nb6 14. Rcd1 Nc4
15. Bc1 Nxa3 16. bxa3 Rxc3 17. Bb2 Rc8 18. e5 dxe5 19. Nf3 Qb6 20. Nxe5 Bd5 21.
Ng4 Qd8 22. Qe5 Rc7 23. Qg5 Rd7 24. Qh4 Ne4 25. Nh6+ gxh6 26. Qxh6 f6 27. Bxe4
Bxe4 28. Rxd7 Qxd7 29. Rxe4 Rf7 30. Rg4+ Kh8 31. Qg5 Qd8 32. Rd4 1/2-1/2

[Event "136th YMCA Winter C"]
[Site "Warszawa"]
[Date "2014.03.03"]
[Round "13"]
[White "Judek, Magdalena"]
[Black "Sylwestrzuk, Mariusz"]
[Result "1/2-1/2"]
[WhiteElo "1794"]
[BlackElo "1709"]
[PlyCount "94"]
[EventDate "2014.01.06"]
[EventRounds "1"]
[EventCountry "POL"]
[SourceDate "2014.01.06"]

1. e4 c6 2. d4 d5 3. exd5 cxd5 4. c4 Nf6 5. Nc3 e6 6. Nf3 Bb4 7. a3 Bxc3+ 8.
bxc3 O-O 9. Be2 dxc4 10. Bxc4 Qa5 11. Bd2 Ne4 12. O-O Nd7 13. Re1 Ndf6 14. Qc2
Nxd2 15. Qxd2 Qc7 16. Bd3 b6 17. Rac1 Bb7 18. Ne5 Nd7 19. Qc2 g6 20. h4 Nxe5
21. Rxe5 Qe7 22. h5 f6 23. Re3 f5 24. hxg6 hxg6 25. Rce1 Qg5 26. Rg3 Qf6 27.
Qd2 Kf7 28. Bc4 Rae8 29. Qf4 Re7 30. Rge3 Rfe8 31. Qd6 Bc8 32. Rh3 Rh8 33. Rxh8
Qxh8 34. Qb4 Qe8 35. d5 exd5 36. Bxd5+ Be6 37. Qc4 Bxd5 38. Rxe7+ Qxe7 39.
Qxd5+ Kf6 40. Qd4+ Qe5 41. Qd8+ Ke6 42. Qe8+ Kd5 43. Qb5+ Kd6 44. Qb4+ Kc6 45.
c4 Qa1+ 46. Kh2 Qe5+ 47. Kg1 Qa1+ 1/2-1/2